000 01453cam a22003134a 4500
001 12871058
005 20030911090819.0
008 020726s2003 maua b 001 0 eng
010 _a 2002027743
020 _a0321127420 (alk. paper)
040 _aDLC
_cDLC
_dDLC
042 _apcc
050 0 0 _aQA76.9.S88
_bF69 2003
082 0 0 _a005.1
_221
_bFOW
100 1 _aFowler, Martin,
_d1963-
_99639
245 1 0 _aPatterns of enterprise application architecture /
_cMartin Fowler with contributions from David Rice ... [et al.].
260 _aBoston :
_bAddison-Wesley,
_cc2003.
300 _axxiv, 533 p. :
_bill. ;
_c24 cm.
440 4 _aThe Addison-Wesley signature series
_99640
504 _aIncludes bibliographical references (p. 511-516) and index.
650 0 _aSystem design.
_99641
650 0 _aComputer architecture.
_99642
650 0 _aApplication software
_xDevelopment.
_99643
650 0 _aBusiness
_xData processing.
_99644
942 _2ddc
_cBB
999 _c12980
_d12980